00594cam a2200181 a 450000500170000000800380001702000150005504000490007004100080011904400080012708200160013524500740015126000550022530000180028050400530029865000290035170000320038020160112130132.0060907s1987 xxuab r 001 0 eng d a0226767159 aDLCcDLCdYDXdBAKERdYDXCPdDLCdCO-BoIAVH  aeng axxu04a599.8bP95p00aPrimate societies /cedited by Barbara B. Smuts y (otros 4 editores). aChicago : bThe University of Chicago Press.c1997 a577 páginas aIncluye referencias bibliográficas e índice.14aPrimatesxComportamiento1 aSmuts, Barbara B.,eeditora